000 00364nam a22001217a 4500
999 _c3701
_d3701
005 20201210105632.0
008 201210b ||||| |||| 00| 0 eng d
020 _a085302054X
040 _cCML
245 _aLanguage in Zambia.
_cOhannessian S.
260 _aLondon
_bInternational African Institute
_c1978
942 _2ddc
_cBK
_e1st Edition
_h496
_mOHA